000 00927cam a22002652 4500
001 0000003025
005 20151217145732.0
008 070426s xx 000 0 eng d
020 _a8178084481 :
_cKES 1,050
040 _aKABU
_cKABU
050 0 _aHG4026
_b.V36 2001
100 1 _aVan Horne, James C.
_@0000152552
245 1 0 _aFundamentals of financial management /
_cJames C. Van Horne, John M. Wachowicz.
250 _a11th ed.
260 _aPatparganj, India :
_bPearson Education Asia,
_c2001.
300 _axxi, 743 p. ;
_c25 cm.
504 _aIncludes bibliographical references and index.
650 0 _aCorporations
_xFinance.
_@0000007704
650 0 _aBusiness enterprises
_xFinance.
_@0000152548
700 1 _aWachowicz, John Martin.
_@0000152591
908 _a070426
950 _@1
999 _c2066
_d2066